000 01043nam a2200313 a 4500
003 AR-BaBNM
005 20251128210611.0
008 082120s2002 ||||||||||||||000 | spa||
020 _a968-29-7515-8
040 _cAR-BaBNM
110 2 _aPrograma Nacional de Actualización Permanente [México]
245 0 0 _aLa enseñanza de la biología en la escuela secundaria
_blecturas : primer nivel
260 _aMéxico, D.F.
_bMéxico. Secretaría de Educación Pública
_c1995
300 _a287 p.
_bil., tablas
500 _aContiene referencias bibliográficas
650 4 _aPERFECCIONAMIENTO DEL DOCENTE
650 4 _aENSEÑANZA DE LA BIOLOGIA
650 4 _aCONCEPTOS CIENTIFICOS
651 4 _aMéxico
653 _aEDUCACION SECUNDARIA
653 _aTERCER CICLO DE LA EGB
653 _aENSEÑANZA DE LAS CIENCIAS NATURALES
700 1 _aHernández Castellanos, María Elena
700 1 _aBonfil Olivera, Martín
700 1 _aDurand Smith, Leticia
700 1 _aGuillén, Fedro Carlos
942 _cBK
998 _cRaquel
999 _c16125
_d16125